000
00228 a2200097 4500
001
38097
100
_a
Riley W.F
245
_a
Machine Design: Mech Engg
260
_a
New Delhi
_b
Staya Pub
_c
1991
090
_c
24249
_d
24249
942
_a
NUST-CAE
_c
MONOGRAPH
_c
15835
999
_c
273170
_d
273170